| 000 | 00370nam a2200133Ia 4500 | ||
|---|---|---|---|
| 008 | 220216s9999 xx 000 0 und d | ||
| 100 | _aIsa Z | ||
| 245 | 0 | _aSome modifications in the DOE standard methods for testing rubber factory effluent | |
| 260 |
_bPlanters Bulletin _c1987 |
||
| 300 | _a13-Sep | ||
| 650 | _aDOE method | ||
| 650 | _aRubber effluent | ||
| 942 | _cJS | ||
| 999 |
_c68991 _d68991 |
||